[Event "Guwahati Smart City op"]
[Site "Guwahati"]
[Date "2024.07.04"]
[Round "4"]
[White "Mrinmoy, Rajkhowa"]
[Black "Subhajit, Dhar"]
[Result "1/2-1/2"]
[WhiteElo "1984"]
[BlackElo "1823"]
[PlyCount "87"]
[EventDate "2024.07.02"]
[EventType "swiss"]
[EventRounds "10"]
[EventCountry "IND"]
[SourceTitle "CBM 221 Extra"]
[Source "ChessBase"]
[SourceDate "2024.09.30"]
[SourceVersion "1"]
[SourceVersionDate "2024.09.30"]
[SourceQuality "1"]

1. e4 c5 2. Nf3 e6 3. b3 a6 4. Bb2 d5 5. exd5 exd5 6. Qe2+ Be6 7. g3 Nf6 8. Ng5 Qe7 9. Nxe6 Qxe6 10. Bg2 Nbd7 11. Nc3 0-0-0 12. 0-0 Qxe2 13. Nxe2 Bd6 14. Rfe1 Rhe8 15. Nc3 Be5 16. Rab1 Bd4 17. h3 Nb6 18. Ba3 Kd7 19. Ne2 Rc8 20. Nxd4 cxd4 21. Rxe8 Nxe8 22. Rc1 Nd6 23. Bb2 d3 24. cxd3 Rxc1+ 25. Bxc1 Ke6 26. Bb2 f6 27. Kf1 Nd7 28. Ke2 Nb8 29. f4 Nc6 30. g4 g6 31. a3 f5 32. Ke3 Na5 33. b4 Nc6 34. Bd4 Nb5 35. Bb2 Nd6 36. Bd4 Nb5 37. Bb2 Nd6 38. Bf3 a5 39. bxa5 Nxa5 40. Kd4 Nb3+ 41. Kc3 Nc5 42. Kd4 Nb3+ 43. Kc3 Nc5 44. Kd4 1/2-1/2

[Event "Wch U20 61st"]
[Site "Gandhinagar"]
[Date "2024.06.05"]
[Round "4"]
[White "Talgatov, Nazar"]
[Black "Mrinmoy, Rajkhowa"]
[Result "1/2-1/2"]
[WhiteElo "2108"]
[BlackElo "1942"]
[PlyCount "46"]
[EventDate "2024.06.02"]
[EventType "swiss"]
[EventRounds "11"]
[EventCountry "IND"]
[SourceTitle "CBM 220 Extra"]
[Source "ChessBase"]
[SourceDate "2024.07.31"]
[SourceVersion "1"]
[SourceVersionDate "2024.07.31"]
[SourceQuality "1"]

1. e4 c5 2. Nf3 d6 3. Bb5+ Nd7 4. d4 cxd4 5. Qxd4 a6 6. Be2 Ngf6 7. 0-0 e5 8. Qe3 Nc5 9. Nfd2 b5 10. c4 bxc4 11. Nc3 Bb7 12. Bxc4 Be7 13. b4 Ncd7 14. Bb2 0-0 15. Rfd1 Nb6 16. Bb3 Rb8 17. Nc4 Nxc4 18. Bxc4 Qc7 19. Bb3 Bc6 20. Ba3 Qb7 21. Nd5 Nxd5 22. Bxd5 Bxd5 23. Rxd5 f5 1/2-1/2

[Event "Meghalaya op 1st"]
[Site "Shillong"]
[Date "2023.12.19"]
[Round "9"]
[White "Shahil, Dey"]
[Black "Mrinmoy, Rajkhowa"]
[Result "1/2-1/2"]
[WhiteElo "2368"]
[BlackElo "1840"]
[PlyCount "75"]
[EventDate "2023.12.13"]
[EventType "swiss"]
[EventRounds "10"]
[EventCountry "IND"]
[SourceTitle "CBM 217 Extra"]
[Source "ChessBase"]
[SourceDate "2024.01.31"]
[SourceVersion "1"]
[SourceVersionDate "2024.01.31"]
[SourceQuality "1"]

1. e4 c5 2. Nc3 d6 3. g3 Nc6 4. Bg2 g6 5. d3 Bg7 6. Nge2 Rb8 7. a4 a6 8. 0-0 b5 9. axb5 axb5 10. f4 b4 11. Nd5 Nd4 12. Nxd4 Bxd4+ 13. Kh1 e6 14. Ne3 Ne7 15. f5 exf5 16. exf5 Bxe3 17. Bxe3 Nxf5 18. Rxf5 gxf5 19. Bh6 Qe7 20. Qd2 Rg8 21. Re1 Be6 22. d4 cxd4 23. Qxd4 Qc7 24. Bf4 Qb6 25. Qf6 Rg6 26. Qh8+ Kd7 27. Qxh7 Qd4 28. Qh5 Rg4 29. Ra1 Rh8 30. c3 bxc3 31. bxc3 Rxh5 32. cxd4 Bc4 33. Ra4 Rxf4 34. gxf4 d5 35. h3 Rh4 36. Kh2 Rxf4 37. Kg3 Rxd4 38. h4 1/2-1/2

[Event "IND-ch U13"]
[Site "Secunderabad"]
[Date "2023.12.08"]
[Round "9"]
[White "Challa, Saharsha"]
[Black "Mrinmoy, Rajkhowa"]
[Result "1-0"]
[WhiteElo "1674"]
[BlackElo "1840"]
[PlyCount "100"]
[EventDate "2023.12.04"]
[EventType "swiss"]
[EventRounds "11"]
[EventCountry "IND"]
[SourceTitle "EXT 2025"]
[Source "ChessBase"]
[SourceDate "2024.10.14"]
[SourceVersion "1"]
[SourceVersionDate "2024.10.14"]
[SourceQuality "1"]

1. d4 Nf6 2. Nc3 d5 3. Bf4 g6 4. e3 Bg7 5. h4 c5 6. Nf3 Bg4 7. Be2 Nc6 8. Ne5 Bxe2 9. Qxe2 Nh5 10. Nxc6 bxc6 11. Be5 Bxe5 12. dxe5 Qb8 13. Qa6 0-0 14. 0-0-0 Qxe5 15. Qxc6 d4 16. Qe4 Qxe4 17. Nxe4 dxe3 18. fxe3 Rfc8 19. Rd7 f5 20. Nc3 Kf7 21. e4 Nf6 22. Rb7 fxe4 23. Re1 Rc6 24. Nxe4 Nxe4 25. Rxe4 Re6 26. Rf4+ Kg7 27. Rd7 a6 28. Rd5 Rc8 29. g4 Re2 30. g5 c4 31. Kd1 Re6 32. Kd2 Rc7 33. Rdd4 Rec6 34. Rde4 Rb6 35. Kc3 Rcb7 36. Re5 e6 37. a3 Rxb2 38. Rxe6 Ra2 39. Rxa6 Rc7 40. Ra4 h6 41. Ra6 hxg5 42. hxg5 Re7 43. Rxc4 Kf7 44. Rf4+ Ke8 45. Ra8+ Kd7 46. Ra7+ Ke8 47. Rxe7+ Kxe7 48. Kb3 Ra1 49. Rf6 Rb1+ 50. Ka2 Rg1 1-0

[Event "IND-ch U13"]
[Site "Secunderabad"]
[Date "2023.12.07"]
[Round "6"]
[White "Mrinmoy, Rajkhowa"]
[Black "Chinmay, Kowshik"]
[Result "1-0"]
[WhiteElo "1840"]
[BlackElo "1761"]
[PlyCount "109"]
[EventDate "2023.12.04"]
[EventType "swiss"]
[EventRounds "11"]
[EventCountry "IND"]
[SourceTitle "EXT 2025"]
[Source "ChessBase"]
[SourceDate "2024.10.14"]
[SourceVersion "1"]
[SourceVersionDate "2024.10.14"]
[SourceQuality "1"]

1. e4 e5 2. Nf3 Nc6 3. Bc4 Bc5 4. d3 Nf6 5. Bg5 0-0 6. Nc3 Be7 7. Bxf6 Bxf6 8. Nd5 Na5 9. Qd2 Nxc4 10. dxc4 d6 11. 0-0-0 g6 12. Rhg1 Bg4 13. Qd3 Bg7 14. h3 Bxf3 15. Qxf3 f5 16. Qb3 Rb8 17. c5 Kh8 18. cxd6 Qxd6 19. f3 Qc5 20. Qc3 Qxc3 21. Nxc3 Rbd8 22. Rge1 Bh6+ 23. Kb1 Bd2 24. Rf1 Bxc3 25. bxc3 f4 26. Rd3 Rxd3 27. cxd3 Rd8 28. Kc2 Kg7 29. Rd1 c5 30. a4 b6 31. Kb3 Kf6 32. Kc4 Rd7 33. Rd2 Rd8 34. Rd1 Rd7 35. Rd2 Rd8 36. Kb5 Rd7 37. a5 bxa5 38. Kxc5 Rc7+ 39. Kd6 Rxc3 40. d4 exd4 41. Rxd4 g5 42. e5+ Kf7 43. e6+ Ke8 44. Ke5 Rc7 45. Kf6 h6 46. h4 Rb7 47. Rc4 Kd8 48. Rd4+ Ke8 49. hxg5 hxg5 50. Rc4 Kd8 51. Rd4+ Ke8 52. Rd1 a4 53. Rh1 Kd8 54. Rh8+ Kc7 55. Rh7+ 1-0

[Event "IND-ch U13"]
[Site "Secunderabad"]
[Date "2023.12.06"]
[Round "5"]
[White "Banik, Hrishikesh Kumar"]
[Black "Mrinmoy, Rajkhowa"]
[Result "0-1"]
[WhiteElo "1627"]
[BlackElo "1840"]
[PlyCount "120"]
[EventDate "2023.12.04"]
[EventType "swiss"]
[EventRounds "11"]
[EventCountry "IND"]
[SourceTitle "EXT 2025"]
[Source "ChessBase"]
[SourceDate "2024.10.14"]
[SourceVersion "1"]
[SourceVersionDate "2024.10.14"]
[SourceQuality "1"]

1. e4 c5 2. Nf3 d6 3. d4 cxd4 4. Nxd4 Nf6 5. Nc3 a6 6. h3 e6 7. g4 Nfd7 8. Bg2 Nc6 9. Be3 Be7 10. 0-0 0-0 11. Qd2 Nde5 12. b3 Nxd4 13. Bxd4 b5 14. Ne2 Bb7 15. f4 Ng6 16. Rad1 e5 17. Be3 exf4 18. Nxf4 Ne5 19. Nd5 Bxd5 20. exd5 Re8 21. Bd4 Bf6 22. Rf2 Nd7 23. Bxf6 Nxf6 24. Rdf1 Re7 25. Qf4 Qb6 26. Kh2 Rae8 27. Qg5 Nd7 28. h4 Qd4 29. h5 Qe5+ 30. Qxe5 Nxe5 31. Kg3 Rc7 32. Rd2 Rc3+ 33. Kf4 f6 34. Rff2 g6 35. hxg6 Nxg6+ 36. Kf5 Kf7 37. Rfe2 Nh4+ 38. Kf4 Ng6+ 39. Kf5 Rce3 40. Rxe3 Rxe3 41. Be4 Re1 42. Rf2 h6 43. c4 Rc1 44. Bc2 Re1 45. Be4 Rc1 46. Bc2 Re1 47. Be4 b4 48. c5 dxc5 49. d6 Rd1 50. Bb7 Rd4 51. Be4 Rxd6 52. Rc2 Rd1 53. Bf3 Rd4 54. Be4 Rd1 55. Bf3 Re1 56. Bd5+ Kg7 57. Be4 Kf7 58. Bd5+ Kg7 59. Be4 Nf8 60. Bd3 Ne6 0-1

[Event "IND-ch U19"]
[Site "Ahmedabad"]
[Date "2023.09.24"]
[Round "6"]
[White "Anadkat, Kartavya"]
[Black "Mrinmoy, Rajkhowa"]
[Result "1-0"]
[WhiteElo "2177"]
[BlackElo "1698"]
[PlyCount "151"]
[EventDate "2023.09.20"]
[EventType "swiss"]
[EventRounds "11"]
[EventCountry "IND"]
[SourceTitle "CBM 216 Extra"]
[Source "ChessBase"]
[SourceDate "2023.11.30"]
[SourceVersion "1"]
[SourceVersionDate "2023.11.30"]
[SourceQuality "1"]

1. e4 c5 2. Nf3 d6 3. d4 cxd4 4. Nxd4 Nf6 5. Nc3 a6 6. f3 e5 7. Nb3 Be6 8. Be3 Be7 9. Qd2 0-0 10. 0-0-0 Qc7 11. g4 Rc8 12. g5 Nh5 13. Nd5 Bxd5 14. exd5 a5 15. a4 Nd7 16. Kb1 Nb6 17. Bxb6 Qxb6 18. Bb5 g6 19. h4 Bf8 20. Qe1 Qc7 21. c3 f6 22. Nd2 f5 23. Nf1 Bg7 24. Ng3 Nxg3 25. Qxg3 Qe7 26. Rhe1 Rf8 27. f4 e4 28. h5 Rac8 29. Qe3 Rc5 30. Rd2 Rfc8 31. Rh1 Qf7 32. c4 Kf8 33. hxg6 hxg6 34. Rh7 Ke7 35. Rdh2 Rg8 36. R2h3 Kf8 37. Qd2 b6 38. Qh2 Ke7 39. Qc2 Rcc8 40. Qb3 Rh8 41. Bc6 Rxh7 42. Rxh7 Rb8 43. c5 Qg8 44. cxd6+ Kd8 45. Rh2 Qf8 46. Qh3 Qxd6 47. Qh7 Bf8 48. Qa7 Qc7 49. Rh7 Qxa7 50. Rxa7 Kc8 51. Rf7 Bd6 52. Rf6 Kc7 53. Rf7+ Kc8 54. Kc2 Bxf4 55. Kd1 Kd8 56. d6 Bxd6 57. Rd7+ Ke8 58. Rxd6+ Kf7 59. Bd5+ Kg7 60. Rd7+ Kf8 61. Rf7+ Ke8 62. Rg7 Rd8 63. Rg8+ Ke7 64. Rxd8 Kxd8 65. Bf7 Ke7 66. Bxg6 Ke6 67. Ke2 Ke5 68. Bh7 Ke6 69. Bg8+ Ke5 70. b3 f4 71. Bh7 e3 72. Bd3 Ke6 73. Kf3 Ke5 74. g6 Kf6 75. Kxf4 e2 76. Bxe2 1-0

[Event "Guwahati op 1st"]
[Site "Guwahati"]
[Date "2022.03.18"]
[Round "7"]
[White "Saptarshi, Roy Chowdhury"]
[Black "Mrinmoy, Rajkhowa"]
[Result "1-0"]
[WhiteElo "2402"]
[BlackElo "1634"]
[PlyCount "119"]
[EventDate "2022.03.14"]
[EventType "swiss"]
[EventRounds "10"]
[EventCountry "IND"]
[SourceTitle "CBM 207 Extra"]
[Source "ChessBase"]
[SourceDate "2022.05.31"]
[SourceVersion "1"]
[SourceVersionDate "2022.05.31"]
[SourceQuality "1"]

1. e4 c5 2. Nc3 d6 3. d4 cxd4 4. Qxd4 Nc6 5. Qd2 Nf6 6. b3 a6 7. Bb2 e6 8. 0-0-0 Be7 9. f3 b5 10. h4 0-0 11. g4 b4 12. Na4 Qa5 13. Kb1 Nd7 14. g5 Nc5 15. Nxc5 dxc5 16. Bc4 Rd8 17. Qc1 Rxd1 18. Qxd1 Qd8 19. Ne2 Qxd1+ 20. Rxd1 Na5 21. Nf4 Nxc4 22. bxc4 a5 23. Nh5 Bf8 24. Rd8 Bb7 25. Rxa8 Bxa8 26. Kc1 Bc6 27. Kd2 Be8 28. Bf6 Bc6 29. Be5 Be8 30. Nf4 Bc6 31. Nd3 Bb7 32. Bc7 Ba6 33. Nb2 a4 34. Kd3 a3 35. Na4 f6 36. gxf6 gxf6 37. Bb6 Bb7 38. Bxc5 Bc6 39. Bxf8 Bxa4 40. Bxb4 Kf7 41. Bxa3 Ke8 42. Bb2 f5 43. f4 Kd7 44. Ba3 h5 45. Bb4 Kc6 46. c3 Bd1 47. Kd4 Bf3 48. a4 Kd7 49. Kc5 Be2 50. a5 Kc7 51. a6 Kb8 52. Ba5 Ka7 53. Kb5 Bf3 54. Bb6+ Kb8 55. c5 Be2+ 56. c4 Kc8 57. c6 Kb8 58. a7+ Ka8 59. c7 Kb7 60. a8Q+ 1-0

[Event "World Cup U12 Prel"]
[Site "Tornelo INT"]
[Date "2021.08.06"]
[Round "3"]
[White "Mrinmoy, Rajkhowa"]
[Black "Borgaonkar, Akshay"]
[Result "1-0"]
[WhiteElo "1634"]
[BlackElo "1941"]
[PlyCount "109"]
[EventDate "2021.08.06"]
[EventType "swiss (rapid)"]
[EventRounds "10"]
[EventCountry "NET"]
[SourceTitle "EXT 2025"]
[Source "ChessBase"]
[SourceDate "2024.10.14"]
[SourceVersion "1"]
[SourceVersionDate "2024.10.14"]
[SourceQuality "1"]

1. e4 c6 2. d4 d5 3. Nd2 dxe4 4. Nxe4 Bf5 5. Ng3 Bg6 6. h4 h6 7. Nf3 e6 8. Ne5 Bh7 9. Bd3 Bxd3 10. Qxd3 Nd7 11. Bf4 Ngf6 12. 0-0-0 Nxe5 13. Bxe5 Bd6 14. Rhe1 Bxe5 15. dxe5 Qxd3 16. Rxd3 Nd5 17. Ne4 0-0 18. g3 Rad8 19. Red1 Rc8 20. Nd6 Rc7 21. c4 Nb4 22. Rb3 c5 23. a3 Nc6 24. Rxb7 Rxb7 25. Nxb7 Nxe5 26. b3 Rc8 27. f4 Nf3 28. Rd3 Nh2 29. Kc2 Rc7 30. Nd6 a6 31. Kc3 Ng4 32. b4 e5 33. b5 axb5 34. cxb5 c4 35. Nxc4 Nf2 36. Rd8+ Kh7 37. b6 Ne4+ 38. Kb4 Rb7 39. fxe5 Nxg3 40. a4 Nf5 41. a5 Ne7 42. Rd6 Nc8 43. a6 Nxd6 44. exd6 Rd7 45. a7 f5 46. a8Q f4 47. Qe4+ g6 48. Qe7+ Rxe7 49. dxe7 f3 50. e8Q f2 51. Qf7+ Kh8 52. Qxf2 g5 53. hxg5 hxg5 54. Qf7 g4 55. b7 1-0

[Event "Wch FIDE Online U10"]
[Site "Tornelo INT"]
[Date "2020.12.22"]
[Round "4.3"]
[White "Mrinmoy, Rajkhowa"]
[Black "Woodward, Andy"]
[Result "1-0"]
[WhiteElo "1547"]
[BlackElo "1975"]
[PlyCount "113"]
[EventDate "2020.12.19"]
[EventType "k.o. (rapid)"]
[EventRounds "4"]
[EventCountry "ISS"]
[SourceTitle "EXT 2022"]
[Source "ChessBase"]
[SourceDate "2021.10.06"]
[SourceVersion "1"]
[SourceVersionDate "2021.10.06"]
[SourceQuality "1"]

1. e4 c5 2. Nf3 d6 3. d4 cxd4 4. Nxd4 Nf6 5. Nc3 a6 6. f3 e5 7. Nb3 Be6 8. Be3 h5 9. Qd2 Nbd7 10. 0-0-0 Be7 11. Kb1 Rc8 12. Nd5 Nxd5 13. exd5 Bf5 14. Bd3 Bxd3 15. Qxd3 Bg5 16. Bf2 Qc7 17. h4 Bf4 18. g3 Bh6 19. g4 Bf4 20. Rhg1 g6 21. gxh5 Rxh5 22. Rxg6 fxg6 23. Qxg6+ Kf8 24. Rg1 Qxc2+ 25. Qxc2 Rxc2 26. Kxc2 Nf6 27. Na5 Rh7 28. Nc4 Rc7 29. Kb3 Rd7 30. Nxd6 Rxd6 31. Bc5 Ne8 32. Rg6 Ke7 33. h5 b6 34. Bxd6+ Nxd6 35. h6 e4 36. h7 Nf7 37. Rg7 e3 38. h8Q e2 39. Qh4+ Kd6 40. Qxf4+ Ne5 41. Qxe5+ Kxe5 42. Re7+ Kxd5 43. Rxe2 Kc5 44. f4 a5 45. f5 b5 46. f6 a4+ 47. Kc2 b4 48. f7 Kc4 49. Re4+ Kd5 50. Rxb4 a3 51. bxa3 Kc6 52. f8Q Kd5 53. Qd8+ Ke6 54. Rb6+ Kf5 55. Qd5+ Kg4 56. Rb4+ Kg3 57. Qd3+ 1-0

[Event "Wch FIDE Online U10"]
[Site "Tornelo INT"]
[Date "2020.12.21"]
[Round "3.3"]
[White "Finek, Vaclav"]
[Black "Mrinmoy, Rajkhowa"]
[Result "1-0"]
[WhiteElo "2361"]
[BlackElo "1547"]
[PlyCount "147"]
[EventDate "2020.12.19"]
[EventType "k.o. (rapid)"]
[EventRounds "4"]
[EventCountry "ISS"]
[SourceTitle "EXT 2022"]
[Source "ChessBase"]
[SourceDate "2021.10.06"]
[SourceVersion "1"]
[SourceVersionDate "2021.10.06"]
[SourceQuality "1"]

1. Nf3 Nf6 2. d4 g6 3. g3 Bg7 4. Bg2 0-0 5. 0-0 d5 6. c4 dxc4 7. Na3 c5 8. Nxc4 Na6 9. b3 Bf5 10. Bb2 Rc8 11. Nfe5 Be4 12. f3 Bd5 13. e4 Bxc4 14. Nxc4 b5 15. Ne3 cxd4 16. Bxd4 Nb4 17. Kh1 Nc6 18. Bb2 Qxd1 19. Rfxd1 Rfd8 20. Bh3 e6 21. Bf1 Rxd1 22. Nxd1 Ne8 23. Bxg7 Kxg7 24. Rc1 Rc7 25. Bxb5 Nd4 26. Rxc7 Nxc7 27. Bd3 Nxf3 28. Ne3 Nd4 29. Nc4 Ncb5 30. Kg2 Nc3 31. a4 Nxb3 32. a5 Nc5 33. Bc2 N3xe4 34. Ne5 Nd6 35. Kg1 a6 36. Bd1 Kf6 37. Nc6 e5 38. Be2 Nb5 39. Nb4 Nc7 40. Kf2 Ke6 41. Bc4+ Ke7 42. Ke3 f5 43. Be2 Kd6 44. Bc4 Ke7 45. Ke2 Kd6 46. h3 Ke7 47. Ke3 h6 48. Nc6+ Kd6 49. Nb4 Ke7 50. h4 Kd6 51. Bf7 g5 52. hxg5 hxg5 53. Bc4 f4+ 54. gxf4 gxf4+ 55. Kf3 N7e6 56. Nxa6 Nxa6 57. Bxa6 Nd4+ 58. Ke4 Nc6 59. Bf1 Nxa5 60. Bg2 Nc6 61. Bh1 Ke6 62. Bg2 Kf6 63. Bh3 Kg7 64. Bf1 Kg8 65. Bc4+ Kh8 66. Bf1 Kg7 67. Ba6 Kh8 68. Bb7 Kg7 69. Bxc6 Kh8 70. Bb5 Kg7 71. Bf1 Kh8 72. Kf5 Kg7 73. Ke6 Kg8 74. Kf5 1-0

[Event "Wch FIDE Online U10"]
[Site "Tornelo INT"]
[Date "2020.12.21"]
[Round "3.2"]
[White "Mrinmoy, Rajkhowa"]
[Black "Finek, Vaclav"]
[Result "1/2-1/2"]
[WhiteElo "1547"]
[BlackElo "2361"]
[PlyCount "89"]
[EventDate "2020.12.19"]
[EventType "k.o. (rapid)"]
[EventRounds "4"]
[EventCountry "ISS"]
[SourceTitle "EXT 2022"]
[Source "ChessBase"]
[SourceDate "2021.10.06"]
[SourceVersion "1"]
[SourceVersionDate "2021.10.06"]
[SourceQuality "1"]

1. e4 c5 2. Nf3 Nc6 3. d4 cxd4 4. Nxd4 g6 5. Nc3 Bg7 6. Be3 Nf6 7. Bc4 0-0 8. Bb3 Qa5 9. f3 e6 10. Qd2 d5 11. exd5 Nxd5 12. Nxd5 Qxd2+ 13. Kxd2 Nxd4 14. Ne7+ Kh8 15. Nxc8 Raxc8 16. c3 Nxb3+ 17. axb3 a6 18. Kc2 Be5 19. f4 Bf6 20. Rhd1 Rfd8 21. Rxd8+ Rxd8 22. Rd1 Rxd1 23. Kxd1 Kg8 24. Ke2 Kf8 25. Kd3 Ke8 26. b4 Kd7 27. Kc4 Kc6 28. Bd4 Be7 29. Kd3 Bd6 30. Ke4 Kd7 31. Bf6 Kc6 32. g3 h5 33. Kd4 Kd7 34. h3 Kc6 35. Ke4 Kb5 36. b3 Kc6 37. g4 hxg4 38. hxg4 Kd7 39. g5 Kc6 40. Be5 Be7 41. Kd4 Bf8 42. Kc4 Be7 43. Kd4 Bf8 44. Kc4 Be7 45. Kd4 1/2-1/2

[Event "Wch FIDE Online U10"]
[Site "Tornelo INT"]
[Date "2020.12.20"]
[Round "2.1"]
[White "Mrinmoy, Rajkhowa"]
[Black "Chen, Ryo"]
[Result "1-0"]
[WhiteElo "1547"]
[BlackElo "2165"]
[PlyCount "41"]
[EventDate "2020.12.19"]
[EventType "k.o. (rapid)"]
[EventRounds "4"]
[EventCountry "ISS"]
[SourceTitle "EXT 2022"]
[Source "ChessBase"]
[SourceDate "2021.10.06"]
[SourceVersion "1"]
[SourceVersionDate "2021.10.06"]
[SourceQuality "1"]

1. e4 c5 2. Nf3 d6 3. d4 cxd4 4. Nxd4 Nf6 5. Nc3 Nc6 6. f3 e5 7. Nb3 Be6 8. Nd5 Be7 9. Be3 0-0 10. Qd2 a5 11. Bb5 a4 12. Bb6 Qd7 13. Na5 Rfc8 14. Bxa4 Ra6 15. Be3 Bd8 16. b4 Ne8 17. Bb5 Rxa5 18. bxa5 Bxa5 19. Qxa5 Nxa5 20. Bxd7 Rxc2 21. Bxe8 1-0